000 00404pab a2200169 454500
008 180718b2007 xxu||||| |||| 00| 0 eng d
100 _aBanerjee, Abhijit V.
245 _aThe economic lives of the poor
260 _c2007
300 _ap.141-67.
362 _aWinter
650 _aPoverty
700 _aDuflo, Esther
773 _aJournal of Economic Perspectives
908 _aN
909 _a73558
999 _c73558
_d73558